Métodos de investigación

Salvato in:
Dettagli Bibliografici
Autore principale: Salkind, Neil J (Autore)
Natura: Libro
Lingua:spagnolo
Pubblicazione: Ciudad de México Pearson Educación 1999
Edizione:1a. ed
Soggetti:
Tags: Aggiungi Tag
Nessun Tag, puoi essere il primo ad aggiungerne!!

MARC

LEADER 00000nam a2200000 a 4500
001 UCM5424
003 CL-VaPUC
005 20231117122717.0
008 021011e19980000MX |||||||||||||||||spa|d
999 |c 301490  |d 301488 
020 |a 9701702344 
040 |c Pontificia Universidad Católica de Valparaíso 
082 0 4 |a 001.42  |b SAL  |2 21 
100 0 |a Salkind, Neil J  |e author  |9 471636 
245 1 0 |a Métodos de investigación 
250 |a 1a. ed 
260 |a Ciudad de México  |b Pearson Educación  |c 1999 
300 |a 380 p 
500 |a De la 3a.ed en Inglés 
583 |a last modification  |c 20021011 00:00:00  |k Rodrigo Vera 
650 0 |a Investigación  |9 883899  |x Metodología  |x Redacción  |x Estudio de casos 
650 0 |a Escritos científicos  |9 884938  |x Redacción 
650 0 |a Estadística   |9 259535 
650 0 |a Informes  |9 334810  |x Redacción 
650 0 |a Muestreo (Estadística)  |9 270232 
942 |c BK  |2 ddc 
945 |d 20021011 00:00:00  |a vberengu 
952 |0 0  |1 0  |2 ddc  |4 0  |6 001_420000000000000_SAL_1998  |7 0  |8 R  |9 360514  |a BIBENE  |b BIBENE  |c RES  |d 2019-11-21  |i 3845486  |o 001.42 SAL 1998  |p 3845486  |r 2025-01-15  |w 2019-11-21  |y BK_R  |k ICO 
952 |0 0  |1 0  |2 ddc  |4 0  |6 001_420000000000000_SAL_1998  |7 0  |8 R  |9 360515  |a BIBENE  |b BIBENE  |c RES  |d 2019-11-21  |i 3911837  |l 1  |o 001.42 SAL 1998  |p 3911837  |r 2025-05-07  |s 2025-05-07  |w 2019-11-21  |y BK_R  |k ICO 
952 |0 0  |1 0  |2 ddc  |4 0  |6 001_420000000000000_SAL_1999  |7 0  |8 A  |9 360516  |a BIBCUR  |b BIBCUR  |d 2019-11-21  |i 4286758  |l 1  |o 001.42 SAL 1999  |p 4286758  |r 2025-04-22  |s 2024-11-05  |w 2019-11-21  |y BK  |k CIM 
952 |0 0  |1 0  |2 ddc  |4 0  |6 001_420000000000000_SAL_1999  |7 0  |8 A  |9 360517  |a BIBCUR  |b BIBCUR  |d 2019-11-21  |i 4286766  |l 1  |o 001.42 SAL 1999  |p 4286766  |r 2025-04-22  |s 2024-11-05  |w 2019-11-21  |y BK  |k CIM 
952 |0 0  |1 0  |4 0  |6 001_420000000000000_SAL_1998  |7 0  |8 A  |9 360518  |a BIBEDU  |b BIBEDU  |d 2019-11-21  |i 4308115  |l 1  |o 001.42 SAL 1998  |p 4308115  |r 2022-06-09  |s 2022-05-17  |w 2019-11-21  |y BK  |k PSI 
952 |0 0  |1 0  |2 ddc  |4 0  |6 001_420000000000000_SAL_1999  |7 0  |8 A  |9 360519  |a BIBCUR  |b BIBCUR  |d 2019-11-21  |i 4755820  |l 1  |o 001.42 SAL 1999  |p 4755820  |r 2025-04-22  |s 2024-08-12  |w 2019-11-21  |y BK  |k KIN 
952 |0 0  |1 0  |2 ddc  |4 0  |6 001_420000000000000_SAL_1999  |7 0  |8 A  |9 360520  |a BIBCUR  |b BIBCUR  |d 2019-11-21  |i 4755839  |l 1  |o 001.42 SAL 1999  |p 4755839  |r 2025-04-22  |s 2024-11-05  |w 2019-11-21  |y BK  |k KIN 
952 |0 0  |1 0  |2 ddc  |4 0  |6 001_420000000000000_SAL_1999  |7 0  |8 A  |9 360521  |a BIBCUR  |b BIBCUR  |d 2019-11-21  |i 4755847  |o 001.42 SAL 1999  |p 4755847  |r 2025-04-22  |w 2019-11-21  |y BK  |k KIN 
952 |0 0  |1 0  |2 ddc  |4 0  |6 001_420000000000000_SAL_1999  |7 0  |8 A  |9 360522  |a BIBCUR  |b BIBCUR  |d 2019-11-21  |i 4755855  |o 001.42 SAL 1999  |p 4755855  |r 2025-04-22  |w 2019-11-21  |y BK  |k KIN 
952 |0 0  |1 0  |2 ddc  |4 0  |6 001_420000000000000_SAL_1999  |7 0  |8 A  |9 360523  |a BIBCUR  |b BIBCUR  |d 2019-11-21  |i 4755863  |l 1  |o 001.42 SAL 1999  |p 4755863  |r 2025-04-22  |s 2024-11-05  |w 2019-11-21  |y BK  |k KIN 
952 |0 0  |1 0  |2 ddc  |4 0  |6 001_420000000000000_SAL_1999  |7 0  |8 A  |9 360524  |a BIBCUR  |b BIBCUR  |d 2019-11-21  |i 4755871  |l 1  |o 001.42 SAL 1999  |p 4755871  |r 2025-04-22  |s 2024-11-05  |w 2019-11-21  |y BK  |k KIN 
952 |0 0  |1 0  |2 ddc  |4 0  |6 001_420000000000000_SAL_1999  |7 0  |8 A  |9 360525  |a BIBCUR  |b BIBCUR  |d 2019-11-21  |i 475588K  |o 001.42 SAL 1999  |p 475588K  |r 2025-04-22  |w 2019-11-21  |y BK  |k KIN